Engineering economy / (Record no. 193946)
[ view plain ]
| 000 -LEADER | |
|---|---|
| fixed length control field | 00680 a2200169 4500 |
| 003 - CONTROL NUMBER IDENTIFIER | |
| control field | Nust |
| 005 - DATE AND TIME OF LATEST TRANSACTION | |
| control field | 20230127104213.0 |
| 040 ## - CATALOGING SOURCE | |
| Transcribing agency | Nust |
| 082 ## - DEWEY DECIMAL CLASSIFICATION NUMBER | |
| Classification number | 658.15,THU |
| 100 ## - MAIN ENTRY--PERSONAL NAME | |
| Personal name | W.J. Thuesen |
| 9 (RLIN) | 107856 |
| 245 ## - TITLE STATEMENT | |
| Title | Engineering economy / |
| Statement of responsibility, etc. | Gerald J. Thuesen & W.J. Fabrycky |
| 250 ## - EDITION STATEMENT | |
| Edition statement | 9th ed |
| 260 ## - PUBLICATION, DISTRIBUTION, ETC. | |
| Place of publication, distribution, etc. | New Delhi |
| Name of publisher, distributor, etc. | Pretice Hall |
| Date of publication, distribution, etc. | 2002 |
| 300 ## - PHYSICAL DESCRIPTION | |
| Extent | xiv:637 p.; |
| 505 ## - FORMATTED CONTENTS NOTE | |
| Formatted contents note | Part 1:- Introduction to engineering Economy (Page-1), Part 2:- Interest formulas and Equivalence (Page-35), Economic Analysis of Alternatives (Page-151), Part 4:- Accounting Depreciation and Income Taxes (Page-387), Part 5:- Estimates Risk and Uncertainty (Page-467). |
| 942 ## - ADDED ENTRY ELEMENTS (KOHA) | |
| Source of classification or shelving scheme | |
| Koha item type | Book |
| Call number prefix | 658.15,THU |
| Withdrawn status | Lost status | Source of classification or shelving scheme | Damaged status | Not for loan | Permanent Location | Current Location | Shelving location | Date acquired | Full call number | Barcode | Date last seen | Price effective from | Koha item type | Public note |
|---|---|---|---|---|---|---|---|---|---|---|---|---|---|---|
| Military College of Signals (MCS) | Military College of Signals (MCS) | General Stacks | 12/12/2016 | 658.155,THU | MCS30487 | 12/08/2016 | 12/12/2016 | Book | Amirah No. 55, Shelf No.1 |
